[Event "BCF-chT4 2223 (4NCL)"]
[Site "England"]
[Date "2023.03.26"]
[Round "8.95"]
[White "Patel Davis, Riyan"]
[Black "Kenning, Paul H"]
[Result "0-1"]
[WhiteElo "832"]
[BlackElo "1843"]
[PlyCount "94"]
[EventDate "2022.11.05"]
[EventType "team-swiss"]
[EventRounds "11"]
[EventCountry "ENG"]
[SourceTitle "EXT 2024"]
[Source "ChessBase"]
[SourceDate "2023.10.10"]
[SourceVersion "1"]
[SourceVersionDate "2023.10.10"]
[SourceQuality "1"]
[WhiteTeam "Cambridge University"]
[BlackTeam "Iceni II"]
[WhiteTeamCountry "ENG"]
[BlackTeamCountry "ENG"]

1. e4 e6 2. d4 d5 3. e5 c5 4. Bb5+ Bd7 5. Nc3 Nc6 6. Nf3 cxd4 7. Nxd4 Nxe5 8. 0-0 Nf6 9. Re1 Ng6 10. a4 Be7 11. Rb1 0-0 12. Bg5 a6 13. Bd3 Rc8 14. Bxg6 hxg6 15. Re3 Nh5 16. h4 Bxg5 17. hxg5 Qxg5 18. Rh3 Rc4 19. b3 Rc7 20. Qc1 Qxc1+ 21. Rxc1 Rfc8 22. Nde2 Nf6 23. f3 e5 24. Kf2 Bxh3 25. gxh3 d4 26. Ne4 Nxe4+ 27. fxe4 d3 28. Ng1 Rxc2+ 29. Rxc2 dxc2 30. Ne2 c1Q 31. Nxc1 Rxc1 32. h4 Rb1 33. Kg3 Rxb3+ 34. Kg4 b5 35. axb5 a5 36. b6 a4 37. b7 a3 38. b8Q+ Rxb8 39. h5 gxh5+ 40. Kxh5 a2 41. Kg5 a1Q 42. Kf5 g6+ 43. Kg5 Qc1+ 44. Kh4 Qf4+ 45. Kh3 Rb3+ 46. Kg2 Qd2+ 47. Kf1 Rb1# 0-1